CSR - Corporate Social Responsibility

Podstata pojmu sociálna zodpovednosť organizácie - corporate social responsibility (CSR). Zelená kniha - dokument vydaný z podnetu Európskej komisie v r.2001. Hlavný cieľ tohto dokumentu. Environmentálny, sociálny a ekonomický aspekt sociálnej zodpovednosti. Čo skrýva pojem "stakeholders".

Na minha lista:
Detalhes bibliográficos
Autor principal: Kornfeldová, Martina
Outros Autores: Brodský, Zdeněk
Formato: Capítulo de Livro
Idioma:tcheco
Assuntos:
Tags: Adicionar Tag
Sem tags, seja o primeiro a adicionar uma tag!

MARC

LEADER 00000naa$a2200000$$$4500
001 0030388
005 20231018124605.9
041 0 |a cze 
044 |a CZ 
245 1 0 |a CSR - Corporate Social Responsibility  |c Martina Kornfeldová, Zdeněk Brodský 
520 |a Podstata pojmu sociálna zodpovednosť organizácie - corporate social responsibility (CSR). Zelená kniha - dokument vydaný z podnetu Európskej komisie v r.2001. Hlavný cieľ tohto dokumentu. Environmentálny, sociálny a ekonomický aspekt sociálnej zodpovednosti. Čo skrýva pojem "stakeholders". 
610 2 0 |a organizácia 
610 2 0 |a spoločnosti 
610 2 0 |a zodpovednosť organizácie 
610 2 0 |a zodpovednosť spoločenská 
610 2 0 |a ochrana prostredia životného 
610 2 0 |a bezpečnosť 
610 2 0 |a ochrana zdravia 
610 2 0 |a riadenie ľudských zdrojov 
610 2 0 |a zamestnanci 
610 2 0 |a manažéri 
610 2 0 |a akcionári 
610 2 0 |a komunikácia interná 
610 2 0 |a komunikácia externá 
100 1 |a Kornfeldová, Martina 
700 1 |a Brodský, Zdeněk